000 00313nam a22001337a 4500
008 171025b xxu||||| |||| 00| 0 eng d
020 _a9780534392031
041 _aeng
080 _26 ED
_a311
100 _a55
101 _aSTA
245 _aSTUDENT SOLUTIONS MANUAL STATISTICS
_cKELLER,G
942 _2udc
_cBK
999 _c35879
_d35879